A critical and exegetical commentary on the Epistle of James / (Record no. 10132)

MARC details
000 -LEADER
fixed length control field 01221cam a22003371i 4500
001 - CONTROL NUMBER
control field 19199586
003 - CONTROL NUMBER IDENTIFIER
control field GBCCL
005 - DATE AND TIME OF LATEST TRANSACTION
control field 20241126110726.0
008 - FIXED-LENGTH DATA ELEMENTS--GENERAL INFORMATION
fixed length control field 160729s2013 nyu 000 0 eng
010 ## -
-- 2016449094
020 ## - INTERNATIONAL STANDARD BOOK NUMBER
International Standard Book Number 9780567077400
Qualifying information (hbk.)
040 ## - CATALOGING SOURCE
Original cataloging agency DLC
Language of cataloging eng
Description conventions rda
Transcribing agency DLC
042 ## -
-- pcc
050 00 -
-- BS2785.53
-- .A45 2013
082 ## - DEWEY DECIMAL CLASSIFICATION NUMBER
Classification number 220.7
Item number ICC
100 1# - MAIN ENTRY--PERSONAL NAME
Personal name Allison, Dale C.,
Titles and words associated with a name Jr.,
Dates associated with a name 1955-
Relator term author.
9 (RLIN) 17554
245 12 - TITLE STATEMENT
Title A critical and exegetical commentary on the Epistle of James /
Statement of responsibility, etc. by Dale C. Allison Jr., Errett M. Grable Professor of New Testament Exegesis and Early Christianity, Pittsburgh Theological Seminary.
246 3# -
-- Epistle of James
246 3# -
-- James
264 #1 - PRODUCTION, PUBLICATION, DISTRIBUTION, MANUFACTURE, AND COPYRIGHT NOTICE
Place of production, publication, distribution, manufacture New Delhi :
Name of producer, publisher, distributor, manufacturer Bloomsbury,
Date of production, publication, distribution, manufacture, or copyright notice 2023.
300 ## - PHYSICAL DESCRIPTION
Extent xlix, 790 pages ;
Dimensions 23 cm.
336 ## - CONTENT TYPE
Content type term text
Content type code txt
Source rdacontent
337 ## - MEDIA TYPE
Media type term unmediated
Media type code n
Source rdamedia
338 ## - CARRIER TYPE
Carrier type term volume
Carrier type code nc
Source rdacarrier
490 0# - SERIES STATEMENT
Series statement International critical commentary
504 ## - BIBLIOGRAPHY, ETC. NOTE
Bibliography, etc. note Includes bibliographical references (pages [xi]-xlix).
630 00 - SUBJECT ADDED ENTRY--UNIFORM TITLE
Uniform title Bible.
Name of part/section of a work James
Form subdivision Commentaries.
9 (RLIN) 12474
906 ## - LOCAL DATA ELEMENT F, LDF (RLIN)
a 7
b cbc
c orignew
d 2
e ncip
f 20
g y-gencatlg
942 ## - ADDED ENTRY ELEMENTS (KOHA)
Source of classification or shelving scheme Dewey Decimal Classification
Koha item type Reference Books
Holdings
Withdrawn status Lost status Source of classification or shelving scheme Damaged status Not for loan Home library Current Library Shelving location Date acquired Total checkouts Full call number Barcode Date last seen Copy number Price effective from Koha item type
    Dewey Decimal Classification     GRACE BIBLE COLLEGE GRACE BIBLE COLLEGE Commentary 2024-03-12   220.7 ICC 016621 2025-05-01 c.1 2024-03-12 Reference Books
© Grace Bible College Library 2025